Subsurface tile drainage of playing fields (Record no. 553720)
[ view plain ]
| 000 -LEADER | |
|---|---|
| fixed length control field | 00369nam a22001337a 4500 |
| 082 ## - DEWEY DECIMAL CLASSIFICATION NUMBER | |
| Classification number | P703 |
| 100 ## - MAIN ENTRY--PERSONAL NAME | |
| Personal name | Hassaan Ali Syn# 10 |
| 9 (RLIN) | 50980 |
| 245 ## - TITLE STATEMENT | |
| Title | Subsurface tile drainage of playing fields |
| 260 ## - PUBLICATION, DISTRIBUTION, ETC. | |
| Place of publication, distribution, etc. | Risalpur, |
| Name of publisher, distributor, etc. | MCE, |
| Date of publication, distribution, etc. | 2005. |
| 300 ## - PHYSICAL DESCRIPTION | |
| Extent | xi,90p. |
| Other physical details | ill. |
| Dimensions | 26cm. |
| 526 ## - STUDY PROGRAM INFORMATION NOTE | |
| Program name | 0 |
| Interest level | 0 |
| Reading level | 0 |
| Title point value | P_000000000000000_703 |
| 700 ## - ADDED ENTRY--PERSONAL NAME | |
| Personal name | Lt Col (R) Marwat |
| 9 (RLIN) | 50981 |
| 942 ## - ADDED ENTRY ELEMENTS (KOHA) | |
| Source of classification or shelving scheme | |
| Koha item type | Book |
| Withdrawn status | Lost status | Source of classification or shelving scheme | Damaged status | Not for loan | Permanent Location | Current Location | Date acquired | Total Checkouts | Full call number | Barcode | Date last seen | Price effective from | Koha item type |
|---|---|---|---|---|---|---|---|---|---|---|---|---|---|
| Military College of Engineering (MCE) | Military College of Engineering (MCE) | 07/22/2016 | P703 | MCE-P703 | 07/22/2016 | 07/22/2016 | Book |
